| 000 | 00776nam a22002531 4500 | ||
|---|---|---|---|
| 001 | 10751 | ||
| 003 | BD-RjUL | ||
| 005 | 20211208235017.0 | ||
| 008 | 140125t1966 ne a b 001 0 eng | ||
| 035 | _a(BD-RjUL)10800 | ||
| 040 |
_aDLC/ICU _cICU _dDLC _dBD-RjUL _beng |
||
| 041 | _aeng | ||
| 082 | 0 | 0 |
_a551.50901 _216 _bBOP 1966 |
| 100 | 1 |
_aBowen, Robert. _933244 |
|
| 245 | 1 | 0 |
_aPaleotemperature analysis / _cby Robert Bowen. |
| 260 |
_aAmsterdam ; _aNew York : _bElsevier Pub. Co., _c1966. |
||
| 300 |
_ax, 265 p. : _billus. ; _c22 cm. |
||
| 504 | _aIncludes Bibliographical reference and index. | ||
| 650 | 0 |
_aPaleothermometry. _933246 |
|
| 942 |
_2ddc _cBK |
||
| 999 |
_c10751 _d10751 |
||